000 01415nab a22002417a 4500
999 _c5700
_d5700
003 OSt
005 20251229115914.0
008 190429b xxu||||| |||| 00| 0 spa d
040 _cPJ
100 _96633
_aPolak, Thomas E.
245 1 3 _aEl tratamiento de las pruebas exculpatorias en el Código Procesal Penal Federal. Garantías, obligaciones y tensiones del sistema acusatorio /
_cThomas E. Polak.
260 _cCiudad Autónoma de Buenos Aires :
_aThomson Reuters La Ley,
_b2025.
300 _ap. 141-147
500 _aCita: TR LALEY AR/DOC/2198/2025.
505 _aSumario: I. Introducción.— II. La prueba exculpatoria.— III. La prueba exculpatoria y su fundamento en la jurisprudencia de la Corte Suprema de los Estados Unidos: proyecciones sobre el derecho de defensa.— IV. El rol del Ministerio Público Fiscal. El principio de objetividad como deber funcional y el principio de lealtad procesal.— V. Tensiones y desafíos prácticos.— VI. Consideraciones finales.
505 _tSi te interesa el texto completo, solicitalo a koha@justierradelfuego.gov.ar
650 0 _9343
_aDERECHO PENAL
650 0 _9180
_aDEBIDO PROCESO
650 0 _9179
_aGARANTIAS CONSTITUCIONALES ›
650 0 _91975
_aPRUEBA
773 0 _02658
_93164
_tRevista de derecho penal y criminología. Nº 8 - Octubre 2025
_dCiudad Autónoma de Buenos Aires : Thomson Reuters La Ley, 2017-
_x00347914
942 _2udc
_cANA